[Event "Ubeda op 3rd"]
[Site "Ubeda"]
[Date "1998.01.25"]
[Round "6"]
[White "Rodriguez Cespedes, Amador"]
[Black "Timoshenko, Georgy"]
[Result "0-1"]
[WhiteElo "2495"]
[BlackElo "2560"]
[Annotator "Tiviakov,S"]
[PlyCount "58"]
[EventDate "1998.01.20"]
[EventType "swiss"]
[EventRounds "10"]
[EventCountry "ESP"]
[SourceTitle "CBM 062 Extra"]
[Source "ChessBase"]
[SourceDate "1998.03.09"]
[SourceVersion "1"]
[SourceVersionDate "1998.03.09"]
[SourceQuality "1"]

1. e4 c5 2. Nf3 e6 3. d4 cxd4 4. Nxd4 Nf6 5. Nc3 Nc6 6. Ndb5 d6 7. Bf4 e5 8.
Bg5 a6 9. Na3 b5 10. Bxf6 gxf6 11. Nd5 f5 12. Bd3 Be6 13. Qh5 Rg8 14. c3 Rxg2
15. Qf3 Rg4 16. exf5 Bxd5 17. Qxd5 Ne7 18. Qb7 {[The critical position of the
variation with 14...Rg2, which has become quite popular now.]} Bh6 (18... Qb8 {
took place in the game Rodriguez,Amador-Cherniaev,Alexander/Manresa (Spain)
1997. According to the following analysis by Am.Rodriguez, published in the
'Chess Informant' #70, Black is able to get the sufficient counter-play. But
since White was ready to repeat the variation, we could guess Am.Rodriguez had
been going to improve his play.} 19. Nxb5 $1 Qxb7 {(the only move)} 20. Nxd6+
Kd7 21. Nxb7 Nc6 22. b4 Kc7 23. Nc5 Bxc5 24. bxc5 e4 25. Bc2 (25. Be2 $5) 25...
Re8 26. O-O-O (26. Kf1 $5 Re5 27. Re1 Rxc5 28. Rxe4 Rxe4 29. Bxe4 Rxc3 30. Kg2)
26... Rf4 (26... Re5 27. Rhe1 Rh4 28. Rd2) 27. Rd6 (27. Rhe1 Rxf2 28. Bxe4 Rxa2
29. Bd5 Rxe1 30. Bxa2 Re5) 27... Re5 (27... Rxf5 $4 28. Rxc6+ $18) 28. Rf6 Rxc5
(28... Rexf5 $2 29. Rxf5 Rxf5 30. Bxe4 Rxf2 31. Bxh7 $16 {Rodriguez,
Amador-Cherniaev,Alexander/Manresa (Spain) 1997.}) 29. Rxf7+ Kb6 $132 {.}) (
18... Qc8 $5 {is recommended by Cherniaev and needs further practical tests.})
19. f6 (19. Nc2 {took place in the game Luther,Thomas-Shirov,Alexei/Germany
1992. After} Kf8 20. Ne3 $1 {according to Shirov, White could have achieved
the equal position. E.g.} Bxe3 21. fxe3 Ng8 22. f6 $1 Nxf6 23. Rf1 Rb8 (23...
Kg7 $6 {is bad. After} 24. Bf5 $1 Rc4 25. Be6 Rc7 26. Qg2+ Kh8 27. Rxf6 fxe6
28. O-O-O $1 Rg7 29. Qf3 $16 {White has the upper hand.}) 24. Qf3 e4 25. Qxf6
Qxf6 26. Rxf6 exd3 27. O-O-O $11 {For the full analysis of the game see 'Chess
Informant' #54/176.}) 19... Ng8 $1 $146 {[An improvement to the game Van Der
Wiel,John-Reinderman,Dimitri/Brussels (Belgium) 1993, where Black was mated
after} (19... Ng6 20. Rd1 Nh4 21. Be2 Rg6 22. Qc6+ Kf8 23. Rxd6 Qe8 24. Qxe8+
Kxe8 25. Bd3 Rg4 26. Rxa6 Rd8 27. Ke2 Ng2 28. Bxb5+ Kf8 29. Rd1 e4 30. Rxd8# {
. After 19...Ng8 Black is clearly better, since the knight a3 is out of play,
while the white king is trapped in the centre, running the risk to fall under
the direct attack of the Black pieces.}) 20. Be4 (20. Rd1 Nxf6 21. Be2 Re4 $5
22. Rxd6 Qxd6 23. Qxa8+ Ke7 $19 {is not satisfactory for White, either. 24...
Qd2+ is a threat.}) 20... Rb8 21. Qc6+ Kf8 22. Rd1 Qxf6 23. Kf1 {[White
doesn't have the time to win the pawn d6, since it loses the piece:} (23. Rxd6
Rxe4+ $19) 23... Rd8 $19 {[Black has a decisive advantage: he has an extra
pawn, keeping the strong attack on the White king.]} 24. Nc2 Ne7 25. Qc7 Ng6
26. Bb7 e4 27. Re1 Qf3 28. Qxd8+ Kg7 29. Nd4 Qh3+ {[White resigned because of
30.Ke2 Qd3#, mate.]} 0-1

[Event "Pamplona"]
[Site "Pamplona"]
[Date "2000.01.02"]
[Round "6"]
[White "Short, Nigel D"]
[Black "Gelfand, Boris"]
[Result "1-0"]
[WhiteElo "2675"]
[BlackElo "2713"]
[Annotator "Tiviakov,S"]
[PlyCount "95"]
[EventDate "1999.12.27"]
[EventType "tourn"]
[EventRounds "9"]
[EventCountry "ESP"]
[EventCategory "15"]
[SourceTitle "CBM 075"]
[Source "ChessBase"]
[SourceDate "2000.04.05"]
[SourceVersion "1"]
[SourceVersionDate "2000.04.05"]
[SourceQuality "1"]

1. e4 c5 2. Nf3 Nc6 {[First of all I would like to point the attention of the
readers of these lines to the fact that only for the 3rd time in his history
Boris Gelfand goes for Sveshnikov Variation of the Sicilian Defence. His main
weapon is Najdorf with more than 110 games played. Personally I think the
choice of the Sveshnikov was a mistake, which contributed much to the Boris's
loss of the present game. Without much experience in the variation you should
not try something new against a very strong player such as Nigel Short.]} 3. d4
cxd4 4. Nxd4 Nf6 5. Nc3 e5 6. Ndb5 d6 7. Bg5 a6 8. Na3 b5 9. Nd5 Be7 10. Bxf6
Bxf6 11. c3 O-O 12. Nc2 Bg5 (12... Rb8 {is an alternative to the text,
preventing White from playing 13.a4. But it has other drawbacks, which will
not be discussed here.}) 13. a4 bxa4 14. Rxa4 a5 {[#]} 15. Bb5 $1 ({Until
recently} 15. Bc4 {has been the main answer in the position with hundreds of
games played with it. But after experiencing serious problems after 15.Bc4,
another move - 15.Bb5 became very popular (even Garry Kasparov has tried it in
his game against Loek van Wely in Wijk aan Zee 1999). Those curious readers
wishing to learn more about the variation with 15.Bb5 can be redirected to the
large theoretical article by Sergey Tiviakov, published in the New In Chess
Yearbook 51. Although 6 months passed since the publication, the number of the
games played with 15.Bb5 had doubled, the article still remains very
up-to-date with almost all evaluations and assessments remaining unchanged.})
15... Bb7 ({both} 15... Bd7) ({and} 15... Na7 {can not be recommended, since
White has clear advantage in both cases.}) ({But} 15... Ne7 {, probably,
remains the strongest move in the position with the following main line:} 16.
Ncb4 ({the position after} 16. O-O Nxd5 17. Qxd5 Be6 {is equal.}) ({but} 16.
Bc4 {deserves serious attention.}) 16... Be6 17. Nxe7+ Qxe7 18. Bc6 Ra7 ({both
} 18... Rac8) ({and} 18... Rab8 {are not satisfactory for Black.}) 19. Nd5 Bxd5
20. Bxd5 {. White is slightly better here, but with the correct play Black is
able to neutralise White plus.}) 16. O-O Ne7 {[Black's idea in the positions
of a such kind is to try to exchange the knight on d5 and later try to free
himself from the weak pawn d6, playing d6-d5. When the position becomes open,
Black can exploit the strength of his bishops. That's why White aim here
becomes obvious: he must try to keep the blockade on d5 and organise the
pressure on the black pawns a5 and d6.]} {[#]} 17. Nce3 {[Not the only good
move in the position.]} (17. Bc4 {deserves very serious attention. The idea is
following: after the exchange of the knights, White is going to exchange the
light-squared bishops, playing Bc4-d5. White chances here should be preferred.
Here follows several games with it:} Bc6 (17... Kh8 18. Nxe7 Bxe7 19. Bd5 Qd7
20. Ne3 Bxd5 21. Nxd5 $16 {is bad for Black in Mork,K-Ross,P/Aalborg 1987/EXT
97}) 18. Ra2 Qb8 (18... Kh8 19. Nxe7 Qxe7 20. Bd5 Qb7 21. Bxc6 Qxc6 22. Qd3 $16
{with clear advantage for White in Dgebuadze Alexandre (GEO)-Nooijen Jos M M/
Utrecht (Netherlands) 1999}) 19. Nce3 Nxd5 20. Nxd5 Qb7 21. b3 Kh8 22. Qd3 $14
{Brumm,C-Hoyer,T/Germany 1988/EXT 97-B}) 17... Bxe3 ({After} 17... Nxd5 18.
Nxd5 Bxd5 19. Qxd5 $16 {Black doesn't have time to regroup his pieces and
bring the bishop g5 for the defence of the both pawns a5 and d6.}) 18. Nxe3 Qb6
19. Qd3 f5 $6 {[I don't like this move. Black in the position has already 2
weaknesses: pawns a5 and d6. Thus, he must try to organise the freeing d6-d5.
After 19...f5 Black will have the permanent headache with the pawn d6. The
plan, chosen by V.Filippov in the following game, is very instructive.} (19...
Rfd8 $1 20. Bc4 Bc6 21. Ra2 Qb7 22. Nd5 Bxd5 23. Bxd5 Nxd5 24. Qxd5 Qxd5 25.
exd5 Kf8 $11 {the ending in the game Li Qun-Filippov,V/Shenyang 1999/EXT 2000
is equal.}) 20. exf5 $1 ({An improvement to the game Motylev,A-Tirard,H/
Koszalin 1999/EXT 2000, which continued} 20. Nxf5 Nxf5 21. exf5 e4 22. Bc4+ Kh8
23. Qd4 Qxd4 24. cxd4 Rxf5 {, and White advantage is only nominal.}) 20... e4
21. Qe2 Nxf5 22. Bc4+ Kh8 23. Rd1 {[Now if we compare this position with the
one before 19...f5, it is obvious to see that Black not only has not managed
to improve his position, but he has even worsened it. He has a 3rd weakness in
a position - the pawn e4, which limits the range of the bishop b7.]} Rae8 {
[Black wants to consolidate his position, transferring the rook to e5.]} {[#]}
24. b4 $5 {[It seems to look like a strategic mistake: White exchanges the
weakness in the opponent's camp. But the rules of strategy can not be applied
strictly. With the help of tactics, White converts one type of the advantage
into another - several moves later White wins a pawn.]} axb4 ({After} 24...
Nxe3 $5 25. Qxe3 Qxe3 26. fxe3 Rc8 (26... axb4 27. Rxb4 $16 {><d6}) 27. bxa5 d5
$16 {, followed by Rc8:c3, Black keeps drawing chances due to the weak pawn e3,
although the passed pawn a5 is very dangerous, securing White advantage.}) 25.
Rxb4 Qa7 ({After} 25... Qc7 26. Bd5 {White wins the pawn e4.}) 26. Qa2 $1 {
[White forces the transfer to the ending with an extra pawn.]} Qxa2 27. Bxa2
Ba6 28. c4 h6 29. Rb6 Bc8 30. h3 ({White is not in hurry to win the pawn d6 -
it will not run away. Although} 30. Nxf5 Rxf5 ({or} 30... Bxf5 31. Rbxd6 e3 32.
fxe3 Rxe3 33. Rf1) 31. Rbxd6 {has also been possible.}) 30... Re5 31. Rd2 Be6
32. Nxf5 Rfxf5 33. Rbxd6 {[The triumph of the White strategy - he has won the
pawn d6.]} e3 34. fxe3 Rxe3 {[But nevertheless White task to convert the
material advantage remains uneasy - there is few material on board.]} 35. Kh2 (
35. Rd8+ Kh7 36. Bb1 $4 {immediately, was not possible because of} Re1+ {
, winning the bishop. Probably at this moment Black has already been in severe
time-trouble. Only time shortage can explain why Boris Gelfand loses the
ending without even creating White any problem.}) 35... Rfe5 36. Rd8+ Kh7 37.
Bb1+ Bf5 38. Bxf5+ Rxf5 39. R8d5 {[#]} Rxd5 $4 {[Grave mistake, losing by
force.]} ({White task could have still been very difficult after} 39... Rf6 40.
c5 Rc6 $16) ({or} 39... Kg6 $16 {, planning to stop the advance of the pawn c4
with the king in the following line:} 40. Rxf5 Kxf5 41. Rc2 Ke6 42. c5 Kd7 43.
c6+ Kc7) 40. cxd5 {[Now the game is over.]} Kg8 $6 ({More stubborn} 40... Re7 {
still loses after} 41. d6 Rd7 42. Kg3 Kg6 43. Kg4 $18) 41. d6 Re8 42. Kg3 Kf7
43. d7 Rd8 44. Kg4 Kf6 45. h4 Ke6 46. Kh5 Kf6 47. Rf2+ Ke6 48. Kg6 1-0

[Event "NED-ch55"]
[Site "Rotterdam"]
[Date "2000.05.13"]
[Round "6"]
[White "Tiviakov, Sergei"]
[Black "Reinderman, Dimitri"]
[Result "1-0"]
[WhiteElo "2567"]
[BlackElo "2561"]
[Annotator "Tiviakov,S"]
[PlyCount "65"]
[EventDate "2000.05.07"]
[EventType "tourn"]
[EventRounds "11"]
[EventCountry "NED"]
[EventCategory "12"]
[SourceTitle "EXT 2002"]
[Source "ChessBase"]
[SourceDate "2001.11.25"]
[SourceVersion "1"]
[SourceVersionDate "2001.11.25"]
[SourceQuality "1"]

1. e4 c5 2. Nf3 Nc6 3. d4 cxd4 4. Nxd4 Nf6 5. Nc3 e5 6. Ndb5 d6 7. Bg5 a6 8.
Na3 b5 9. Nd5 Qa5+ 10. Bd2 Qd8 11. Nxf6+ $5 Qxf6 12. Bd3 Qg6 13. O-O Be7 $1 (
13... Nd4 14. Kh1 Bb7 15. f3 $14 {/\Be3, c4} (15. c3 $2 Ne6 {(/\Nc5)} 16. f3 d5
$1 17. exd5 Qxd3 18. dxe6 O-O-O 19. Bg5 f6 20. Qxd3 Rxd3 21. Bh4 $15 {_|_}))
14. c4 (14. c3 $5) (14. Kh1 $5 {/\c4}) 14... Bg4 $1 (14... Nd4 15. Kh1 O-O 16.
Be3 $14) 15. Be2 (15. f3 $5 Bh3 16. Rf2 Bh4 17. Re2 Nd4 18. Kh1 Nxe2 19. Qxe2
$44) 15... Bh3 (15... Bxe2 16. Qxe2 Nd4 17. Qd3 O-O 18. Be3 $14 (18. Bc3 Ne6
$13 19. Rac1 $4 {(Roeberg,F-Debus,A/Baunatal 1999/EXT 2000)} b4 20. Bxb4 Qxg2+
21. Kxg2 Nf4+ 22. Kg1 Nxd3 $19) (18. f3 $5 $14)) 16. Bf3 Nd4 $1 $146 (16... b4
17. Nc2 a5 18. Kh1 Be6 19. b3 O-O 20. Bh5 Qf6 21. f4 g6 22. Bf3 Rac8 23. f5 Bd7
24. g4 $14 {Siroky,M-Magnusson,G/corr EU/M/GT 1985}) 17. Bc3 (17. cxb5 axb5 18.
Bc3 Nxf3+ 19. Qxf3 Bd7 20. Qd3 $11) 17... b4 $6 (17... Nxf3+ 18. Qxf3 Bd7 19.
Qd3 (19. Qe2 bxc4 (19... Rb8 20. cxb5 axb5 $11) 20. Nxc4 f5 $13) 19... Rb8 (
19... O-O 20. cxb5 axb5 21. Nxb5 Bxb5 22. Qxb5 Qxe4 $14) (19... bxc4 20. Nxc4
$14 {><d6}) 20. cxb5 axb5 21. Bb4 $11) 18. Bxb4 (18. Bxd4 bxa3 19. Bc3 axb2 20.
Bxb2 O-O $11) 18... d5 $8 19. Nc2 $8 Nxc2 $2 (19... Bxb4 20. Nxd4 Rb8 $1 (20...
exd4 21. Qa4+ Bd7 (21... Kd8 22. Qxb4 dxe4 23. Qa5+ $18) 22. Qxb4 $18) (20...
O-O 21. Nc2 $1 dxe4 22. Nxb4 exf3 23. Qxf3 $18) (20... dxe4 21. Qa4+ Bd7 (21...
Kd8 22. Nc6+ $18) 22. Qxb4 exf3 (22... exd4 23. Bxe4 $18) 23. Nxf3 $18) 21.
exd5 $1 (21. Qa4+ Bd7 22. Nb5 O-O $13) 21... exd4 22. Qxd4 O-O 23. c5 $1 $16) (
19... dxe4 $142 $8 20. Nxd4 O-O-O $1 {[]} (20... Bxb4 {- 19...Bb4 20.Nd4 dxe4})
(20... exf3 21. Qxf3 Bxg2 22. Qxg2 Bxb4 23. Nc6 Bd6 (23... Qxg2+ 24. Kxg2 Bd6
25. Rad1 $18) 24. Rad1 Bc7 25. Nxe5 (25. Rfe1 f6 26. b4 $16) 25... Bxe5 26.
Rfe1 O-O 27. Qxg6 (27. Rxe5 Qc2 $13) 27... Bxh2+ 28. Kxh2 fxg6 29. Kg3 $16) (
20... Rd8 21. Qa4+ (21. Bxe4 Qxe4 22. gxh3 Bxb4 $8 (22... Rxd4 23. Qa4+ $16) (
22... Qg6+ 23. Kh1 Qe4+ 24. Qf3 Rxd4 25. Qxe4 Rxe4 26. Bxe7 $16) 23. Qa4+ Rd7 {
- 21.Qa4 Rd7 22.Bxe4 Qxe4 23.gxh3 Bxb4}) 21... Rd7 (21... Bd7 22. Qa3 Bxb4 (
22... exf3 23. Nxf3) 23. Qxb4 exf3 (23... exd4 24. Bxe4 $18) 24. Nxf3 $16) 22.
Bxe4 Qxe4 23. gxh3 Bxb4 24. Qxb4 $16 (24. Nc6 Bd6 25. Rfe1 Qf4 $8 26. Rad1 $5
$13 (26. Qxa6 O-O $44 {/\e4}))) 21. Bxe7 (21. Qc2 Rxd4 22. Bxe7 {- 21.Bxe7
Rxd4 22.Qc2}) 21... Rxd4 22. Qc2 $8 (22. Qe2 exf3 23. Qxf3 Bxg2 $19) 22... f5 (
22... Rd3 23. Bxe4 Qxe4 24. f3 $16) (22... Re8 23. Bc5 (23. Bb4 f5 $44) 23...
f5 24. Bxd4 exf3 25. g3 Bxf1 26. Bxe5 Be2 (26... Rxe5 27. Rxf1 Re2 28. Qd3 $18)
27. Qc3 $16 Qe6 $140 28. Bxg7 f4 29. Qb4 Qh3 30. Qc5+ Kb7 31. Qd5+ Kc7 32. Be5+
$18) 23. Bxe4 fxe4 24. f4 $5 (24. f3 Re8 $44) 24... Re8 $44 25. Bh4 $140 exf4
26. Rxf4 Qd6) 20. Qxc2 Bxb4 (20... d4 21. Bxe7 Kxe7 22. b4 $5 $18) 21. Qa4+ Bd7
22. Qxb4 dxe4 23. Be2 Bh3 24. Qa4+ Bd7 (24... Kd8 25. Rfd1+ Kc8 26. Bf1 $18)
25. Qa3 $18 {[/^a3-f8, עe8, o/oe5, e4]} f5 $6 (25... Qe6 $142 {/\Qe7, 0-0})
26. Rfd1 f4 27. Rd5 f3 28. Rxe5+ Kf7 (28... Be6 29. Bxf3 $1 (29. Bf1 $18) 29...
exf3 30. Qxf3 $18 {/\Rae1}) 29. Qe7+ Kg8 30. Rg5 Qh6 31. Bf1 Rf8 32. c5 Be6 33.
Rd1 1-0

[Event "Hoogeveen Essent op"]
[Site "Hoogeveen"]
[Date "2000.10.16"]
[Round "4"]
[White "Tiviakov, Sergei"]
[Black "Cifuentes Parada, Roberto"]
[Result "1/2-1/2"]
[WhiteElo "2608"]
[BlackElo "2490"]
[Annotator "Tiviakov,S"]
[PlyCount "41"]
[EventDate "2000.10.13"]
[EventType "swiss"]
[EventRounds "9"]
[EventCountry "NED"]
[SourceTitle "CBM 078 Extra"]
[Source "ChessBase"]
[SourceDate "2000.11.10"]
[SourceVersion "1"]
[SourceVersionDate "2000.11.10"]
[SourceQuality "1"]

1. e4 c5 2. Nf3 Nc6 3. d4 cxd4 4. Nxd4 Nf6 5. Nc3 e5 6. Ndb5 d6 7. Bg5 a6 8.
Na3 b5 9. Nd5 Be7 10. Bxf6 Bxf6 11. c3 Bg5 12. Nc2 O-O 13. a4 bxa4 14. Rxa4 a5
15. Bb5 Ne7 16. Ncb4 {[#]} Bd7 $1 $146 {=} 17. Nxe7+ Bxe7 18. Nc6 (18. Bxd7
axb4 19. Bc6 Rxa4 20. Qxa4 bxc3 21. bxc3 Qb8 22. O-O Bd8 {1/2-1/2 Svidler,
P-Ivanchuk,V/Polanica Zdroj POL 2000/The Week in Chess 302 (22)}) 18... Qe8 $1
(18... Bxc6 $6 19. Bxc6 Rb8 20. Ra2 Qb6 21. Bd5 $14 g6 22. h4 Kg7 23. h5 f5 24.
Qd2 g5 25. g3 Kh6 26. exf5 Rxf5 27. O-O Qc5 28. Kg2 Kg7 29. h6+ Kh8 30. b4 axb4
31. cxb4 Qb6 32. Ra8 Rxa8 33. Bxa8 g4 34. Be4 Rf8 35. Bd5 Bd8 36. Ra1 Qb5 37.
Ra8 Qb6 38. Kg1 Rf6 39. Rc8 Rf8 40. Ra8 Rf6 41. Qe3 Qc7 42. Qa7 {1-0 Motylev,
A-Agamaliev,G/Bydgoszcz 1999/EXT 2000 (42)}) 19. Nxe7+ (19. Qd5 Be6 $1 (19...
Bf6 $2 20. Qxd6 Rc8 $140 21. Rc4) (19... Kh8 20. c4 $16) 20. Qd3 Bd7 21. Nxe7+
Qxe7 $11) 19... Qxe7 20. Bxd7 Qxd7 21. O-O $11 1/2-1/2

[Event "Gausdal Eikrem Memorial"]
[Site "Gausdal"]
[Date "2000.08.01"]
[Round "4"]
[White "Tiviakov, Sergei"]
[Black "Yakovich, Yuri"]
[Result "1/2-1/2"]
[WhiteElo "2608"]
[BlackElo "2585"]
[Annotator "Tiviakov,S"]
[PlyCount "41"]
[EventDate "2000.07.30"]
[EventType "swiss"]
[EventRounds "9"]
[EventCountry "NOR"]
[SourceTitle "CBM 077 Extra"]
[Source "ChessBase"]
[SourceDate "2000.09.14"]
[SourceVersion "1"]
[SourceVersionDate "2000.09.14"]
[SourceQuality "1"]

1. e4 c5 2. Nf3 Nc6 3. d4 cxd4 4. Nxd4 Nf6 5. Nc3 e5 6. Ndb5 d6 7. Bg5 a6 8.
Na3 b5 9. Nd5 Be7 10. Bxf6 Bxf6 11. c3 Bg5 12. Nc2 Rb8 13. a4 bxa4 14. Ncb4 Bd7
15. Bxa6 Nxb4 16. Nxb4 Qa5 17. Qxd6 Rb6 18. Qd3 Be7 (18... Rxb4 $2 {- 68/(139)}
) 19. Rd1 $6 $146 {[! Volzhin - 68/(139)]} (19. Nd5 Rxb2 20. O-O $13 (20. Nxe7
Kxe7 $17)) 19... Be6 (19... Bg4 $5 20. Nd5 (20. f3 $2 Be6 21. Rd2 (21. Bc4 Rxb4
22. Bxe6 Rd4 $19) (21. O-O O-O 22. Bc4 Qc5+ $19) 21... O-O (21... Rxb4 22. cxb4
Bxb4 23. Qb5+ Qxb5 24. Bxb5+ Ke7 25. Ke2 Bxd2 26. Kxd2 Rb8 27. Bxa4 Rxb2+ 28.
Bc2 $11) 22. Bc4 Bxc4 23. Qxc4 Rxb4 24. cxb4 Bxb4 $19) (20. Nc6 $2 Rxc6 21. Bb5
O-O $1 22. Bxc6 Bxd1 23. Kxd1 (23. Qxd1 a3 $17) 23... Qb6 $17) (20. Rd2 $5 Rxb4
(20... Bg5 $6 21. Rc2) 21. cxb4 Bxb4 22. h3 $8 O-O (22... Bxd2+ 23. Qxd2 Qxa6
24. hxg4 Qc4 25. f3 O-O 26. Kf2 $11) (22... Be6 23. Qb5+ Qxb5 24. Bxb5+ Ke7 25.
Ke2 Bxd2 26. Kxd2 $11) 23. O-O Bxd2 24. hxg4 $15) 20... Rxb2 $8 21. Bb5+ Rxb5 (
21... Kf8 22. Nxe7 Qxb5 (22... Bxd1 23. Nc6 Qc7 24. Kxd1 $13) 23. Qd8+ Qe8 24.
Nc6 Bxd1 25. Qd6+ Kg8 26. Ne7+ Kf8 27. Nc6+ $11) 22. Qxb5+ Qxb5 23. Nc7+ Kf8
24. Nxb5 Bxd1 25. Kxd1 Bc5 26. Kc2 Ke7 27. Ra1 Ra8 28. f3 $15) (19... Rd6 $2
20. Nd5 $18) (19... O-O $2 20. Nd5 $16) 20. O-O $8 (20. Bc4 Rxb4 21. Bxe6 Rd4
$19 22. Bd7+ Kxd7) (20. Rd2 O-O 21. Bc4 Bxc4 (21... Rxb4 22. cxb4 Bxb4 $19) 22.
Qxc4 Rxb4 23. cxb4 Bxb4 $19) (20. Nc6 Rxc6 21. Bb5 Qa8 $17) 20... O-O 21. Bc4
$8 {[21...Bxb4 22.cxb4 Rxb4 (22...Qxb4 23.Bxe6 Rxe6 24.Ra1=) 23.Bxe6 fxe6=/+,
><b2, e4]} 1/2-1/2